| 000 | 00734nam a2200193 a 4500 | ||
|---|---|---|---|
| 001 | BRCA_103 | ||
| 005 | 20190320202859.0 | ||
| 008 | 850429s1983 mx-a---##b---#000-0#spa-# | ||
| 040 |
_aDLC _cDLC _dDLC |
||
| 050 | 4 |
_aF1391.P8 _b.A48 1983 |
|
| 245 | 1 | 0 |
_aPuebla en el siglo XIX _bcontribución al estudio de su historia _cCarmen Aguirre ... [et al.] ; edición Michéle Misser. |
| 260 |
_aPuebla _bCentro de Investigaciones Históricas y Sociales, Instituto de Ciencias, Universidad Autónoma de Puebla _c1983 |
||
| 300 |
_a358 p. _bil. _c20 cm. |
||
| 504 | _aIncluye referencias bibliográficas | ||
| 651 | 4 |
_aPuebla (Estado) _xHistoria _ySiglo XIX _9400 |
|
| 700 | 1 |
_aAguirre, Carmen _9401 |
|
| 700 | 1 |
_aMisser, Michéle _9402 |
|
| 942 |
_2lcc _cB |
||
| 999 |
_c88 _d88 |
||